000 00303nam a2200133Ia 4500
008 200103s9999||||xx |||||||||||||| ||und||
040 _aIMU-MPC
082 _aColumn-65
100 _aLillee, Dennis
245 4 _aThe art of fast bowling
260 _bRupa Company
_c1990
300 _a160
942 _cBK
999 _c11547
_d11547